000 00646nab a2200181 4500
001 244442
003 OSt
005 20250930115832.0
007 tu
008 200917s2020|||||||
040 _aDE-2950
_cDE-2950
245 0 0 _aMagische Momente für Groß und Klein
_bFreizeit. Das Theater des Lachens in Frankfurt plant erneut das Festival Osthafen. Dabei spielt die Magie eine zentrale Rolle bei den fantasievollen Inszenierungen/
_cDiana Maltseva
264 _c2025
653 _aFrankfurt (Oder)
653 _aFestival Osthafen
773 0 _g36. Jahrgang (2025) Nr. 217 vom 17.09.2025, S. 15 mit Foto
_tMärkische Oderzeitung
942 _2z
_cA
999 _c374022
_d374022